00605nam a2200181Ia 4500008004100000041000800041082001500049100002400064245002500088250000900113260003000122300000800152365001600160700002400176906003500200999001900235952016900254230718s9999 xx 000 0 und d aeng a006.6bSHA aSharma R.K.9109615 aCisco Security Bible a1 st c2002bIDG books India (P) a780 cRs.b429.00 aSharma R.K.9109615 dB:443013-May-2002cCOMPb64.35 c303531d303531 00104070aCCEPbCCEPd2002-05-21eTechnical Book ServicesfCOMPg364.65i4430l0o006.6pCCEP-BK-14738r2023-07-18 00:00:00t64.35v429.00w2002-05-13yBKz014738